Refugees of revolution ; the German Forty-eighters in America.

Bibliographic Details
Main Author: Wittke, Carl Frederick, 1892-1971
Format: Book
Language:English
Published: Philadelphia : University of Pennsylvania Press, 1952.
Subjects:

MARC

Tag First Indicator Second Indicator Subfields
LEADER 00000cam a2200000 4500
001 in00000608713
005 20151014162845.0
008 721004s1952 pau b 00100deng
010 |a  52008238  
035 |a (OCoLC)00422227 
035 |9 ACS2252AM 
040 |c WSU  |d TXA  |d UtOrBLW 
049 |a TXAM  |c [207578] 
050 0 0 |a E184.G3  |b W5 
100 1 |a Wittke, Carl Frederick,  |d 1892-1971. 
245 1 0 |a Refugees of revolution ;  |b the German Forty-eighters in America. 
264 1 |a Philadelphia :  |b University of Pennsylvania Press,  |c 1952. 
300 |a ix, 384 pages ;  |c 25 cm. 
336 |a text  |b txt  |2 rdacontent 
337 |a unmediated  |b n  |2 rdamedia 
338 |a volume  |b nc  |2 rdacarrier 
504 |a Bibliographical footnotes. 
650 0 |a Germans  |z United States. 
650 0 |a Political refugees. 
999 |a MARS 
999 f f |s 551fa56a-2416-32c0-8a28-e5bd4911250b  |i a2230bd2-f38b-3335-8234-8d0615b23924  |t 0 
952 f f |p normal  |a Texas A&M University  |b College Station  |c Sterling C. Evans Library  |d Evans: Library Stacks  |t 0  |e E184.G3 W5  |h Library of Congress classification  |i unmediated -- volume  |m A14802179412 
998 f f |a E184.G3 W5  |t 0  |l Evans: Library Stacks